000 00319nam a22001457a 4500
008 181122b xxu||||| |||| 00| 0 eng d
020 _a0815136927
041 _aeng
080 _23 rd
_a610.73
082 _a610.73
100 _a1
101 _aINF
245 _aCritical care nursing
_cThelan.L.A
942 _2udc
_cBK
999 _c52340
_d52340